| 000 -LEADER |
| fixed length control field |
00812cam a2200229 a 4500 |
| 020 ## - INTERNATIONAL STANDARD BOOK NUMBER |
| ISBN |
0072192658 (set) |
| 020 ## - INTERNATIONAL STANDARD BOOK NUMBER |
| ISBN |
0072192666 (book) |
| 020 ## - INTERNATIONAL STANDARD BOOK NUMBER |
| ISBN |
0072192674 (CD) |
| 040 ## - CATALOGING SOURCE |
| Transcribing agency |
CPV |
| 082 00 - DEWEY DECIMAL CLASSIFICATION NUMBER |
| Classification number |
005 OSB 2001 A006 Or. |
| 100 1# - MAIN ENTRY--AUTHOR NAME |
| Personal name |
Couchman, Jason S. |
| 245 10 - TITLE STATEMENT |
| Title |
Oracle8i certified professional DBA upgrade exam guide / |
| 260 ## - PUBLICATION, DISTRIBUTION, ETC. (IMPRINT) |
| Place of publication |
New York : |
| Name of publisher |
Osborne/McGraw-Hill, |
| Year of publication |
c2001. |
| 300 ## - PHYSICAL DESCRIPTION |
| Number of Pages |
xxix, 557 p. : |
| Other physical details |
ill. ; |
| Dimensions |
24 cm. + |
| Accompanying material |
1 CD-ROM (4 3/4 in.) |
| 500 ## - GENERAL NOTE |
| General note |
"Oracle Press." |
| 650 #0 - SUBJECT ADDED ENTRY--TOPICAL TERM |
| Topical Term |
Electronic data processing personnel |
| 650 #0 - SUBJECT ADDED ENTRY--TOPICAL TERM |
| Topical Term |
Database management |
| 856 42 - ELECTRONIC LOCATION AND ACCESS |
| Uniform Resource Identifier |
http://www.loc.gov/catdir/description/mh024/2002275303.html |
| 856 41 - ELECTRONIC LOCATION AND ACCESS |
| Uniform Resource Identifier |
http://www.loc.gov/catdir/toc/mh023/2002275303.html |
| 856 42 - ELECTRONIC LOCATION AND ACCESS |
| Uniform Resource Identifier |
http://www.loc.gov/catdir/enhancements/fy0707/2002275303-b.html |
| 942 ## - ADDED ENTRY ELEMENTS (KOHA) |
| Koha item type |
សៀវភៅភាសាអង់គ្លេស |
| 952 ## - LOCATION AND ITEM INFORMATION (KOHA) |
| Withdrawn status [LOCAL, KOHA] |
0 |